| 000 | 00796nam a2200217 a 4500 | ||
|---|---|---|---|
| 001 | 000048246 | ||
| 005 | 20201002061022.0 | ||
| 008 | 181210s2015 pr r 000 0 spa d | ||
| 020 | _a9789945581553 | ||
| 040 |
_aDO-SdBNP _bspa _cBNPHU |
||
| 082 |
_axxxx _bG643e |
||
| 100 | 1 |
_aGonzález Rivera, Jeandelize, _d1969- _975683 |
|
| 245 | 1 | 0 |
_aErotismo, pornografía o perversión : _buna interpretación de lo correcto en el cuerpo correcto / _cJeandelize González Rivera. |
| 260 |
_aSan Juan, Puerto Rico, : _bIsla negra, _c2015. |
||
| 300 |
_a136 p. ; _c22 cm. |
||
| 490 | 1 | _aVisiones y cegueras | |
| 500 | _aIncluye datos biográficos de la autora en la solapa de la cubierta | ||
| 504 | _aBibliografía : p. 119-123 | ||
| 590 | _aInventariado, 2019/BT | ||
| 830 | 0 |
_aVisiones y cegueras _91120 |
|
| 999 |
_c47734 _d47734 |
||